000 01475cam a2200265 4500
001 M90048
008 090401t1998 xxu||||| |||| 00| 0 eng d
035 _a(Sirsi) u84501
041 _aeng
050 _a333.332
110 _aProperty Valuation Forum
_93589
245 _aNegligence in valuations : the standard of care required. Wednesday 18 February 1998 ... the Brewers Room, London : seminar papers.
260 _aLondon
_bProperty Valuation Forum
_c1998
300 _a36p. ; 30cm.
350 _a0
505 _aThe legal framework for judging negligence.
_bSaville, Mark; Battle, John; Strickland, Hugh; Sparrow, Andrew; King, John; , ; Belcher, Robert; Lizieri, Colin; Dobson, Richard; Bateman, Gordon; Barlow, James; Howson, Mark; Thompson, Ian; Bradford, Katie
505 _aImplications for valuers and expert valuers.
_bMenzies, Ian; Plant, Jane; Asbury, Norton; Locke, Duncan; Parrish, Frank; Bowen, Paul; Adair, Alastair; Matzdorf, Dave; Nicholls, Bob; Gausden, Christine; May, Michael; Holmes, George; Clark, Brian; Edge, John
505 _aIs the margin of error principle appropriate?
_bCapper, Phillip; Hatton, William; Katz, Rhoda; Silver, Simon; Gittens, Paul; Parrack, Tony; Morey-Smith, Linda; Douey, Patricia; Burgon, Jo; Yang, Zhengrong; Ratcliffe, John; Morris, Nick; Crosby, Neil
650 _aCASE LAW
650 _aNEGLIGENCE
650 _aNEGLIGENT VALUATIONS
690 _aRATING AND VALUATION
942 _n0
948 _c25/02/1998
999 _c96959
_d96959